000 00400 a2200169 4500
001 143941
040 _cLeonardo Da Vinci
041 _aPortuguês
_aPortuguês
082 _aFUVEST F996f
_bF996f
245 _aO ANGLO resolve
_bFUVEST 2ªfase 2007
250 _aAR
260 _bAnglo
_c2007
_aSão Paulo
300 _a23
362 _a20070000
697 _aAR
_aHistória
_aQuímica
942 _cBK
999 _c143941
_d143941